La Educación en el siglo XXI: Los retos del futuro inmediato / (Record no. 137580)

MARC details
000 -CABECERA
campo de control de longitud fija 00601nam a2200193 a 4500
005 - FECHA Y HORA DE LA ÚLTIMA TRANSACCIÓN
campo de control 20210219160435.0
008 - ELEMENTOS DE LONGITUD FIJA--INFORMACIÓN GENERAL
campo de control de longitud fija 081107s1999 mx r 000 0 spa d
020 ## - NÚMERO INTERNACIONAL NORMALIZADO PARA LIBROS
Número Internacional Estándar del Libro 8478272100
035 ## - NÚMERO DE CONTROL DEL SISTEMA
Número de control de sistema UPN01000165468
049 ## - COLECCIÓN
Colección CG
050 #4 - SIGNATURA TOPOGRÁFICA DE LA BIBLIOTECA DEL CONGRESO
Número de clasificación POR ADQUIRIR
245 03 - MENCIÓN DE TÍTULO
Título La Educación en el siglo XXI: Los retos del futuro inmediato /
Mención de responsabilidad, etc. Coordinado por F. Imbernón...(et al.)
260 ## - PUBLICACIÓN, DISTRIBUCIÓN, ETC.
Lugar de publicación, distribución, etc. Barcelona :
Nombre del editor, distribuidor, etc. Editorial Graó,
Fecha de publicación, distribución, etc. 1999.
300 ## - DESCRIPCIÓN FÍSICA
Extensión 180 p.
440 #0 - MENCIÓN DE SERIE/ASIENTO SECUNDARIO--TÍTULO
Título Biblioteca de aula; 136
690 ## - PUNTO DE ACCESO ADICIONAL DE MATERIA LOCAL--TÉRMINO DE MATERIA (OCLC, RLIN)
Término de materia o nombre geográfico como elemento inicial Futurologia de la educacion
690 ## - PUNTO DE ACCESO ADICIONAL DE MATERIA LOCAL--TÉRMINO DE MATERIA (OCLC, RLIN)
Término de materia o nombre geográfico como elemento inicial Educacion- Desarrollo de la educacion
905 ## - TIPO DE MATERIAL
Tipo de material Libro

No items available.